Estudi de la satisfacció a les biblioteques en la Xarxa en relació al manteniment informàtic
Descripción Física:
31 p. : gràf. ; 30 cm
MARC
| LEADER | 00000nam a2200000Ia 4500 | ||
|---|---|---|---|
| 001 | 20925 | ||
| 008 | 160829s2005 xx 000 0 cat d | ||
| 080 | |a FU-23-34 | ||
| 245 | |a Estudi de la satisfacció a les biblioteques en la Xarxa en relació al manteniment informàtic | ||
| 260 | |a Barcelona : |b Diputació de Barcelona, |c 2005 | ||
| 300 | |a 31 p. : |b gràf. ; |c 30 cm | ||
| 650 | |a Ordinadors |x Manteniment |9 44680 | ||
| 650 | |a Biblioteques |x Barcelona (Província) |9 41544 | ||
| 710 | 1 | |a Barcelona (Catalunya : Província). |b Diputació |9 52408 | |
| 901 | |a Arxiu | ||
| 942 | |n 1 | ||
| 952 | |0 0 |1 0 |4 0 |6 FU2334 |7 1 |9 52096 |a Arxiu |b Arxiu |d 2016-12-01 |l 0 |o FU-23-34 |p 20925 |r 2016-12-01 00:00:00 |w 2016-12-01 |y ARXIU | ||
| 999 | |c 55944 |d 55944 | ||